Canzone e il cinema (La) (Record n. 99894)
[ formato base ]
| 000 -LEADER | |
|---|---|
| fixed length control field | 02665njm a2200457Ia 4500 |
| 001 - CONTROL NUMBER | |
| control field | 20758 |
| 003 - CONTROL NUMBER IDENTIFIER | |
| control field | IT-RoPAU |
| 005 - DATE AND TIME OF LATEST TRANSACTION | |
| control field | 20220918181122.0 |
| 008 - FIXED-LENGTH DATA ELEMENTS--GENERAL INFORMATION | |
| fixed length control field | 131025s9999 xx 000 0 und d |
| 040 ## - CATALOGING SOURCE | |
| Original cataloging agency | IT-RoPAU |
| 040 ## - CATALOGING SOURCE | |
| Transcribing agency | IT-RoPAU |
| 041 ## - LANGUAGE CODE | |
| Language code of text/sound track or separate title | ITALIANO |
| 999 ## - SYSTEM CONTROL NUMBERS (KOHA) | |
| Koha Dewey Subclass [OBSOLETE] | n.d. |
| 100 ## - MAIN ENTRY--PERSONAL NAME | |
| Personal name | AA.VV. |
| 9 (RLIN) | 794 |
| 100 ## - MAIN ENTRY--PERSONAL NAME | |
| Relator term | Autore musica |
| 9 (RLIN) | 2978 |
| 100 ## - MAIN ENTRY--PERSONAL NAME | |
| Miscellaneous information | Codice autore musica SPICS: 12000 |
| 9 (RLIN) | 796 |
| 245 ## - TITLE STATEMENT | |
| Title | Canzone e il cinema (La) |
| 250 ## - EDITION STATEMENT | |
| Edition statement | 2a ed. |
| 260 ## - PUBLICATION, DISTRIBUTION, ETC. (IMPRINT) | |
| Place of publication, distribution, etc. | MILANO |
| 260 ## - PUBLICATION, DISTRIBUTION, ETC. (IMPRINT) | |
| Name of publisher, distributor, etc. | FRATELLI FABBRI EDITORI |
| Date of publication, distribution, etc. | 1982 [1a Ed.:1970] |
| 300 ## - PHYSICAL DESCRIPTION | |
| Extent | DISCO |
| 300 ## - PHYSICAL DESCRIPTION | |
| Dimensions | 25 minuti (Testo: pag.) |
| 500 ## - GENERAL NOTE | |
| General note | La canzone italiana. Si comincia a ballare.Lucia, passione, sogno, donna andata via felice, amore, commedia, fama, tradimento, pene, nido d'amore, Mariù, lavoro, sogno, eredità, felicità, sogno, passione |
| 505 ## - FORMATTED CONTENTS NOTE | |
| Formatted contents note | La canzone dell'amore [(Bixio/Cherubini-Villa) (4:00)] - Vivere (Bixio-Villa) (3:00)] - La mia canzone al vento [(Bixio/Cherubini-Villa) (2:00)] - La strada nel bosco [(Bixio/Rusconi/Nisa-Villa) (4:00)] - Parlami d'amore Mariù [(Bixio/Neri-De Sica V.) (4:00)] - Mille lire al mese [(Innocenzi/Sopranzi-Mazzi) (3:00)] - Amami di più [(Marf/Mascheroni-N.Bruni) (3:00)] - Macariolita [(Bixio/Cherubini-Bonino) (4:00)] |
| 511 ## - PARTICIPANT OR PERFORMER NOTE | |
| Participant or performer note | Villa Claudio |
| 511 ## - PARTICIPANT OR PERFORMER NOTE | |
| Participant or performer note | De Sica Vittorio |
| 511 ## - PARTICIPANT OR PERFORMER NOTE | |
| Participant or performer note | Mazzi Gilberto |
| 511 ## - PARTICIPANT OR PERFORMER NOTE | |
| Participant or performer note | Bruni Norma |
| 511 ## - PARTICIPANT OR PERFORMER NOTE | |
| Participant or performer note | Bonino Ernesto |
| 650 ## - SUBJECT ADDED ENTRY--TOPICAL TERM | |
| Topical term or geographic name as entry element | CANZONE ITALIAN [DISCHI] |
| Relator term | Codice MATERIA SPICS: 9950 |
| 9 (RLIN) | 2979 |
| 700 ## - ADDED ENTRY--PERSONAL NAME | |
| Personal name | Cherubini Bixio |
| Dates associated with a name | Codice autore musica SPICS: 13442 |
| Relator term | Autore musica |
| Name of part/section of a work | La canzone dell'amore - La mia canzone al vento - Macariolita |
| 9 (RLIN) | 2980 |
| 700 ## - ADDED ENTRY--PERSONAL NAME | |
| Personal name | Bixio Cesare Andrea |
| Dates associated with a name | Codice autore testo/musica SPICS: 13441 |
| Relator term | Autore testo/musica |
| Name of part/section of a work | La canzone dell'amore - Vivere - La mia canzone al vento - La strada nel bosco - Parlami d'amore Mariù - Macariolita |
| 9 (RLIN) | 2981 |
| 700 ## - ADDED ENTRY--PERSONAL NAME | |
| Personal name | Nisa (Salerno Nicola) |
| Dates associated with a name | Codice autore musica SPICS: 13452 |
| Relator term | Autore musica |
| Name of part/section of a work | La strada nel bosco |
| 9 (RLIN) | 2982 |
| 700 ## - ADDED ENTRY--PERSONAL NAME | |
| Personal name | Rusconi Ermenegildo |
| Dates associated with a name | Codice autore SPICS: 22482 |
| Relator term | Autore |
| Name of part/section of a work | La strada nel bosco |
| 9 (RLIN) | 2983 |
| 700 ## - ADDED ENTRY--PERSONAL NAME | |
| Personal name | Neri Ennio |
| Dates associated with a name | Codice autore musica SPICS: 13457 |
| Relator term | Autore musica |
| Name of part/section of a work | Parlami d'amore Mariù |
| 9 (RLIN) | 2984 |
| 700 ## - ADDED ENTRY--PERSONAL NAME | |
| Personal name | Innocenzi Carlo |
| Dates associated with a name | Codice autore testo/musica SPICS: 13493 |
| Relator term | Autore testo/musica |
| Name of part/section of a work | Mille lire al mese |
| 9 (RLIN) | 2985 |
| 700 ## - ADDED ENTRY--PERSONAL NAME | |
| Personal name | Sopranzi Alessandro |
| Dates associated with a name | Codice autore musica SPICS: 13494 |
| Relator term | Autore musica |
| Name of part/section of a work | Mille lire al mese |
| 9 (RLIN) | 2986 |
| 700 ## - ADDED ENTRY--PERSONAL NAME | |
| Personal name | Mascheroni Vittorio |
| Dates associated with a name | Codice autore musica SPICS: 13134 |
| Relator term | Autore musica |
| Name of part/section of a work | Amami di più |
| 9 (RLIN) | 2987 |
| 700 ## - ADDED ENTRY--PERSONAL NAME | |
| Personal name | Marf (Bonavita Mario) |
| Dates associated with a name | Codice autore testo/musica SPICS: 13496 |
| Relator term | Autore testo/musica |
| Name of part/section of a work | Amami di più |
| 9 (RLIN) | 2988 |
| 942 ## - ADDED ENTRY ELEMENTS (KOHA) | |
| Koha item type | DISCHI |
| Source of classification or shelving scheme | Dewey Decimal Classification |
| Withdrawn status | Lost status | Damaged status | Not for loan | Home library | Current library | Date acquired | Total Checkouts | Full call number | Date last seen | Price effective from | Koha item type | Public note |
|---|---|---|---|---|---|---|---|---|---|---|---|---|
| Buone Condizioni | Not For Loan | SPICS-MEDIATECA | SPICS-MEDIATECA | 25/10/2013 | 20758 | 25/10/2013 | 25/10/2013 | DISCHI | Progr. Ins.: 4061 / N.Vol.: 1 / Copie: 1 - Copia rara: n.d. / date import: 01.01.2014 - By Epidotti, Trombetti, Vaglietti |